[Event "Gyor op-B 7th"]
[Site "Gyor"]
[Date "2016.07.09"]
[Round "6"]
[White "Reisinger, Rita"]
[Black "Kovacs, Szilveszter"]
[Result "0-1"]
[WhiteElo "1146"]
[BlackElo "1366"]
[PlyCount "90"]
[EventDate "2016.07.06"]
[EventType "swiss"]
[EventRounds "9"]
[EventCountry "HUN"]
[SourceTitle "EXT 2017"]
[Source "ChessBase"]
[SourceDate "2016.10.25"]
[SourceVersion "1"]
[SourceVersionDate "2016.10.25"]
[SourceQuality "1"]

1. Nc3 Nf6 2. Nf3 d5 3. d4 Nc6 4. e3 Bf5 5. a3 e6 6. h3 h6 7. Bd3 Ne4 8. Bxe4 dxe4 9. Nd2 Qg5 10. g4 Bh7 11. Ndxe4 Bxe4 12. Nxe4 Qd5 13. Qd3 0-0-0 14. Bd2 e5 15. c4 Qd7 16. d5 Be7 17. 0-0-0 Nb8 18. Qb3 Na6 19. f4 f5 20. Nf2 Nc5 21. Qc3 Bh4 22. Qa5 Nb3+ 23. Kb1 Nxa5 24. Bxa5 Bxf2 25. Rd3 exf4 26. exf4 fxg4 27. hxg4 Qxg4 28. Bd2 Qf5 29. Rhh3 g5 30. fxg5 hxg5 31. Rhf3 Qe4 32. Bxg5 Rde8 33. Kc2 Qe2+ 34. Kb3 Bc5 35. Bf6 Rhf8 36. Ka4 Rxf6 37. Rh3 Qc2+ 38. b3 c6 39. dxc6 Rxc6 40. Rd5 Re3 41. Rh8+ Kc7 42. Rxc5 Rxc5 43. Kb4 Rce5 44. c5 Qxb3+ 45. Ka5 Rxc5# 0-1

[Event "Gyor op-B 7th"]
[Site "Gyor"]
[Date "2016.07.08"]
[Round "5"]
[White "Reisinger, Rita"]
[Black "Papp, Gabor2222"]
[Result "0-1"]
[WhiteElo "1146"]
[BlackElo "1775"]
[PlyCount "116"]
[EventDate "2016.07.06"]
[EventType "swiss"]
[EventRounds "9"]
[EventCountry "HUN"]
[SourceTitle "EXT 2017"]
[Source "ChessBase"]
[SourceDate "2016.10.25"]
[SourceVersion "1"]
[SourceVersionDate "2016.10.25"]
[SourceQuality "1"]

1. Nc3 Nf6 2. Nf3 d5 3. d4 g6 4. e3 Bg7 5. h3 0-0 6. Bd3 Nbd7 7. 0-0 c5 8. dxc5 Nxc5 9. a3 a6 10. Re1 Re8 11. Qd2 e5 12. Bf1 b5 13. b4 Nce4 14. Nxe4 Nxe4 15. Qd1 Bb7 16. Bb2 Rc8 17. Bd3 Nd6 18. Bf1 Qc7 19. Rc1 Nf5 20. Ba1 Nd6 21. Qd2 Ne4 22. Qd1 Nc3 23. Qd2 Red8 24. Be2 Re8 25. Bd1 Ne4 26. Qe2 Bh6 27. Bxe5 Rxe5 28. Nxe5 Qxe5 29. Qg4 f5 30. Qe2 d4 31. exd4 Qxd4 32. Rb1 Bd5 33. Qf1 Nd2 34. Qe2 Nxb1 35. a4 Nc3 36. Qd3 Qxd3 37. cxd3 Nxd1 38. Rxd1 Bb3 39. Ra1 Bxa4 40. g3 Rc1+ 41. Rxc1 Bxc1 42. f4 Bd2 43. d4 Bxb4 44. Kf2 Bc2 45. Ke3 Bc3 46. d5 Kf8 47. g4 b4 48. gxf5 gxf5 49. d6 Ke8 50. h4 b3 51. h5 b2 52. Kf3 b1Q 53. Kg3 Qf1 54. h6 Bd1 55. d7+ Kxd7 56. Kh4 Qg1 57. Kh3 Be2 58. Kh4 Qg4# 0-1

[Event "Gyor op-B 7th"]
[Site "Gyor"]
[Date "2016.07.06"]
[Round "1"]
[White "Toreky, Zsombor"]
[Black "Reisinger, Rita"]
[Result "1-0"]
[WhiteElo "1471"]
[BlackElo "1146"]
[PlyCount "27"]
[EventDate "2016.07.06"]
[EventType "swiss"]
[EventRounds "9"]
[EventCountry "HUN"]
[SourceTitle "EXT 2017"]
[Source "ChessBase"]
[SourceDate "2016.10.25"]
[SourceVersion "1"]
[SourceVersionDate "2016.10.25"]
[SourceQuality "1"]

1. d4 d5 2. Nf3 h6 3. e3 a6 4. c4 dxc4 5. Bxc4 Bg4 6. Bxf7+ Kxf7 7. Ne5+ Ke8 8. Qxg4 e6 9. Qg6+ Ke7 10. Qf7+ Kd6 11. b3 b6 12. Nd2 Qe7 13. Ndc4+ Kd5 14. Qf3# 1-0